000 00300nam a22001337a 4500
008 181030b xxu||||| |||| 00| 0 eng d
020 _a9780226026305
041 _aeng
080 _a101
100 _a24
101 _aFIL
245 _aDescartes and his Contemporaries
_cAriew, R
942 _2udc
_cBK
999 _c51123
_d51123